1197 1277 1503 1617 1512 1967 1899 1071 1130 1439 1702 1408 1791 1930 1881 1499 1566 1907 1250 1514 1809 1707 1014 1454 1783 1291 1221 1417 1166 1033 1027 1125 1308 1663 1555 1320 1657 1071 1807 1818 1418 1073 1808 1652 1836 1020 1217 1457 1177 1083 1297 1095 1432 1627 1692 1828 1553 1751 1391 1334 1088 1090 1499 1832 1669 1408 1319 1921 1671 1992 1993 1473 1721 1906 1627 1338 1594 1020 1977 1770 1767 1611 1681 1839 1079 1715 1650 1618 1412 1482 1763 1754 1249 1450 1626 1872 1397 1479 1014 BCNSPRNW ULIB Ver.6.0+V

เปลี่ยนเป็นภาษาไทย

Change to English
 แสดงรายละเอียดบรรณานุกรม
  กลับหน้าหลัก

Brief Record : Get Marc (ISO 2709) : E-mail record : QR code < ปิดหน้าต่าง
LEADER : 00000nam 2200000uu 4500
001    13399111929
003     ULIB
008    110627s2552||||th 000 0 tha d
020    9786117190124
090    นว.^bช564ล 2552
100 0  ชินณ์
245 00 ลิขิตรัก อาญาพิศวาส/^cชินณ์
250    พิมพ์ครั้งที่ 1
260    กรุงเทพฯ :^bอินเลิฟ,^c2552
300    330 หน้า
710 1  อินเลิฟ
945    ^p224^l0^i026483
995    ทศพร
999 ^a ใช้งานได้ทุกระบบ
รายการนี้ยังไม่มีแท็ก
คุณยังไม่ได้ล็อกอิน คุณสามารถมีกิจกรรมร่วมกับเว็บไซต์ได้ แต่ต้องล็อกอินก่อน ::
  ล็อกอิน

รายการสื่อสารสนเทศ

ลำดับที่ ประเภท เลขเรียก/บาร์โค้ด สถานที่ สถานะ
- ไม่พบข้อมูล -

BibComment


ยังไม่เคยถูกคอมเมนท์

คอมเมนท์ทรัพยากรรายการนี้
  คอมเมนท์: ลิขิตรัก อาญาพิศว..


 Copyright 2026. Bcnsprnw @Library